000 01217nam a2200265Ia 4500
003 PE SENCICO BE
005 20251020182431.0
008 200515s9999 xx 000 0 und d
020 _a987-1135-43-2
040 _aPE SENCICO BE
_cPE SENCICO BE
041 _aspa
082 _a745.4
_bG16 2004
100 1 _aGaite, Arnoldo
_92597
_eautor
245 1 0 _aAproximaciones al diseño /
_cArnoldo Gaite
250 _a3a ed.
260 _aBuenos Aires :
_bNobuko /
_c2004
300 _a107 p. :
_bil., tbl., graf. ;
_c20 cm.
500 _aEn la cubierta: Arquitectura: ¿arte o técnica?, ideas para una introducción al diseño
505 0 _aArquitectura; arte o técnica?: ideas para una introducción al diseño -- Arquitectura y arquitectos: fundamentos y fines -- El proyecto: conocimiento, imaginación y síntesis -- Análisis y síntesis: procedimientos previos y concurrentes -- El dibujo: los medios para proyectar -- Notas: definiciones y aclaraciones -- Un procedimiento proyectual: elementos a considerar para el diseño arquitectónico
650 1 0 _aDiseño
_9965
650 2 0 _aArte y diseño
_9966
650 2 0 _aArquitectura
_949
650 2 0 _aProyectos de edificaciones
_9940
942 _cLIB
_2ddc
999 _c263
_d263